Hilal November-2012 (Record no. 197717)
[ view plain ]
| 000 -LEADER | |
|---|---|
| fixed length control field | 00691 a2200193 4500 |
| 003 - CONTROL NUMBER IDENTIFIER | |
| control field | Nust |
| 005 - DATE AND TIME OF LATEST TRANSACTION | |
| control field | 20170207154438.0 |
| 040 ## - CATALOGING SOURCE | |
| Transcribing agency | Nust |
| 082 ## - DEWEY DECIMAL CLASSIFICATION NUMBER | |
| Classification number | 050 |
| 100 ## - MAIN ENTRY--PERSONAL NAME | |
| Personal name | Maj Gen Asim Saleem Bajwa,TBr |
| 245 ## - TITLE STATEMENT | |
| Title | Hilal November-2012 |
| Statement of responsibility, etc. | Maj Gen Asim Saleem Bajwa,TBr |
| 250 ## - EDITION STATEMENT | |
| Edition statement | 5, Volume 49 |
| 260 ## - PUBLICATION, DISTRIBUTION, ETC. | |
| Place of publication, distribution, etc. | Rawalpindi,Pakistan |
| Name of publisher, distributor, etc. | ISPR Dte |
| Date of publication, distribution, etc. | Hilal November-2012 |
| 300 ## - PHYSICAL DESCRIPTION | |
| Extent | English-39 & Urdu-51p; |
| 505 ## - FORMATTED CONTENTS NOTE | |
| Formatted contents note | Serious Notes (Page-5) Food for Thought (Page-22) Economic Profile (Page-14) Malala n Special (Page-20) Health Watch (Page-27) Miscellanea (page-11) News & Update (Page-30) |
| 538 ## - SYSTEM DETAILS NOTE | |
| System details note | Almirah Journals No.3 Shelf No.2 |
| 650 ## - SUBJECT ADDED ENTRY--TOPICAL TERM | |
| Topical term or geographic name entry element | Qty-3 |
| 651 ## - SUBJECT ADDED ENTRY--GEOGRAPHIC NAME | |
| Geographic name | Pakistan Armed Forces Magazine |
| 942 ## - ADDED ENTRY ELEMENTS (KOHA) | |
| Koha item type | |
| Withdrawn status | Lost status | Source of classification or shelving scheme | Damaged status | Not for loan | Collection code | Permanent Location | Current Location | Date acquired | Total Checkouts | Full call number | Barcode | Date last seen | Price effective from | Koha item type |
|---|---|---|---|---|---|---|---|---|---|---|---|---|---|---|
| Military College of Signals (MCS) | Military College of Signals (MCS) | 12/12/2016 | 050 SAL | MCSP-33/65 | 12/08/2016 | 12/12/2016 | Book |
